Fertilización para rendimientos máximos
Saved in:
| Hovedforfatter: | |
|---|---|
| Format: | Bog |
| Sprog: | spansk |
| Udgivet: |
Ciudad de México
Continental
1983
|
| Fag: | |
| Tags: |
Tilføj Tag
Ingen Tags, Vær først til at tagge denne postø!
|
MARC
| LEADER | 00000nam a2200000 a 4500 | ||
|---|---|---|---|
| 001 | UCS8130 | ||
| 003 | CL-VaPUC | ||
| 008 | 971031e19830000MX |||||||||||||||||spa|d | ||
| 082 | 0 | 4 | |a 631.8 |b COO |2 21 |
| 100 | 0 | |a Cooke, G. W |e author |9 393069 | |
| 245 | 1 | 0 | |a Fertilización para rendimientos máximos |
| 300 | |a 383 p | ||
| 942 | |c BK | ||
| 945 | |d 19971031 00:00:00 |a rleighto | ||
| 260 | |a Ciudad de México |b Continental |c 1983 | ||
| 650 | 0 | |a Fertilización |9 259681 | |
| 650 | 0 | |a Fertilizantes |9 262833 | |
| 650 | 0 | |a Nutrientes vegetales |9 392625 | |
| 650 | 0 | |a Hortalizas |9 259501 | |
| 650 | 0 | |a Pastizales |9 352003 | |
| 650 | 0 | |a Plantas |9 264555 | |
| 650 | 0 | |a Frutales |9 264870 | |
| 583 | |a last modification |c 19971031 00:00:00 |k Rodrigo Vera | ||
| 999 | |c 262752 |d 262750 | ||